Quick Pick: Les Misérables Characters Quiz Stats

 Plays Quiz Updated Aug 22, 2019

Score 0/10 Timer 01:00
0 Plays Today
% Correct
Jean Valjean
96.2%
Cosette
92.6%
Javert
92%
Fantine
91.6%
Éponine
85.5%
Monsieur Thénardier
85.4%
Gavroche
81.8%
Marius Pontmercy
78.4%
Bishop Myriel
60.8%
Enjolras
56.3%

Today's Daily Dose

Missing Word
Sherlocks

Word Ladder
King of the Hill

Quick Pick
Songs in Pink

Get the Picture
NBA Teammates

You're not logged in!

Compare scores with friends on all Sporcle quizzes.
OR
Log In

Sporcle TV

Today on Sporcle TV


Watch our educational content, quiz creation guides, and fun videos on Sporcle TV.

Show Comments

Extras

Top Quizzes Today


Score Distribution

Your Account Isn't Verified!

In order to create a playlist on Sporcle, you need to verify the email address you used during registration. Go to your Sporcle Settings to finish the process.

Report this User

Report this user for behavior that violates our Community Guidelines.

Details: